LEADER 04152 am 2200721 n 450 001 9910342257203321 005 20190607 010 $a2-7535-6705-0 024 7 $a10.4000/books.pur.105978 035 $a(CKB)4100000009456572 035 $a(FrMaCLE)OB-pur-105978 035 $a(oapen)https://directory.doabooks.org/handle/20.500.12854/44751 035 $a(PPN)267959885 035 $a(EXLCZ)994100000009456572 100 $a20191008j|||||||| ||| 0 101 0 $afre 135 $auu||||||m|||| 181 $ctxt$2rdacontent 182 $cc$2rdamedia 183 $acr$2rdacarrier 200 14$aLes déportations en héritage $eLes peuples réprimés du Caucase et de Crimée hier et aujourd'hui /$fAurélie Campana, Grégory Dufaud, Sophie Tournon 210 $aRennes $cPresses universitaires de Rennes$d2019 215 $a1 online resource (248 p.) 311 $a2-7535-0986-7 330 $aLe Caucase et la Crimée ont été le théâtre de déportations massives organisées au cours de la Seconde Guerre mondiale. Environ 900 000 personnes, appartenant à une dizaine de nationalités soviétiques en majorité de confession musulmane, ont été déplacées de force, alors que les combats contre l'armée allemande faisaient toujours rage. Ces régions ont pour singularité de connaître depuis l'effondrement de l'Union soviétique une actualité particulièrement mouvementée. Mosaïques ethniques situées au carrefour des civilisations et des religions, elles sont aujourd'hui considérées comme de véritables poudrières. Cet ouvrage collectif se veut une contribution à l'écriture d'une histoire qui ignore trop souvent l'actualité des peuples déportés. Il ouvre un angle jusque-là peu abordé, celui de la comparaison des déportations et de leurs impacts sur les situations politiques et sociales actuelles des peuples déportés. Une première partie présente les modalités des déportations, la vie en exil et les étapes du processus partiel de réhabilitation à partir de 1956. Suivent des études de cas abordant les décennies qui ont suivi la réhabilitation ou la non réhabilitation de six différents peuples déportés dans une perspective comparatiste. Enfin, une dernière partie examine le traitement de l'héritage stalinien dans le présent et la manière dont cet héritage, souvent encombrant, est géré par les États successeurs russe, ukrainien et géorgien. Privilégiant une approche pluridisciplinaire et rassemblant des spécialistes des questions étudiées, cet ouvrage propose de mesurer sur la longue durée les conséquences d'évènements que d'aucuns considèrent trop rapidement comme appartenant à l'ordre des mémoires. Il ouvre donc un champ d'étude encore peu abordé en France : l'actualité, le traitement, l'héritage et la mémoire des déportations dans le contexte postsoviétique. 517 $adéportations en héritage 606 $aHistory 606 $aGuerre Mondiale (1939-1945) 606 $adéportation 606 $aCausase 606 $aCrimée 606 $aRussie 606 $amémoire collective 610 $aCrimée 610 $adéportation 610 $aCausase 610 $amémoire collective 610 $aRussie 610 $aGuerre Mondiale (1939-1945) 615 4$aHistory 615 4$aGuerre Mondiale (1939-1945) 615 4$adéportation 615 4$aCausase 615 4$aCrimée 615 4$aRussie 615 4$amémoire collective 700 $aAkkieva$b Svetlana$01300506 701 $aCampana$b Aurélie$01300507 701 $aDenis$b Juliette$01300508 701 $aDufaud$b Grégory$01300509 701 $aElie$b Marc$01276325 701 $aMerlin$b Aude$0856571 701 $aOsipov$b Alexander$01300510 701 $aPolian$b Pavel$0275857 701 $aTournon$b Sophie$01300511 701 $aCampana$b Aurélie$01300507 701 $aDufaud$b Grégory$01300509 701 $aTournon$b Sophie$01300511 801 0$bFR-FrMaCLE 906 $aBOOK 912 $a9910342257203321 996 $aLes déportations en héritage$93025552 997 $aUNINA LEADER 02805oam 2200541zu 450 001 9910964028303321 005 20240314015148.0 010 $a0-8166-8417-0 035 $a(CKB)2670000000397431 035 $a(SSID)ssj0000954128 035 $a(PQKBManifestationID)11521930 035 $a(PQKBTitleCode)TC0000954128 035 $a(PQKBWorkID)10938585 035 $a(PQKB)11130172 035 $a(MiAaPQ)EBC1318803 035 $a(EXLCZ)992670000000397431 100 $a20160829d2013 uy 101 0 $aeng 135 $aurcnu|||||||| 181 $ctxt 182 $cc 183 $acr 200 10$aHumanesis : sound and technological posthumanism 205 $a1st ed. 210 31$a[Place of publication not identified]$cUniversity of Minnesota Press$d2013 215 $a1 online resource (222 pages) 225 0 $aPosthumanities Humanesis 300 $aBibliographic Level Mode of Issuance: Monograph 311 $a0-8166-7963-0 327 $aCover -- Contents -- Acknowledgments -- Introduction: Posthumanism(s) -- PART I -- 1. From Genes to Memes: Ollivier Dyens and the Scientific Posthumanism of Darwinian Evolution -- 2. Dark Matters: An Eidolic Collision of Sound and Vision -- PART II -- 3. N. Katherine Hayles and Humanist Technological Posthumanism -- 4. The Trace: Melancholy and Posthuman Ethics -- PART III -- 5. From Affect to Affectivity: Mark B. N. Hansen's Organismic Posthumanism -- 6. Skewed Remote Musical Performance: Sounding Deconstruction -- Conclusion. Registration as Intervention: Performativity and Dominant Strains of Technological Posthumanism -- Notes -- Index -- A -- B -- C -- D -- E -- F -- G -- H -- I -- J -- K -- L -- M -- N -- O -- P -- R -- S -- T -- U -- V -- W -- Z. 330 $aHumanesis critically examines central strains of posthumanism, searching out biases in the ways that human-technology coupling is explained and interrogating three approaches taken by posthumanist discourse: scientific, humanist, and organismic. David Cecchetto's investigations reveal how each perspective continues to hold on to elements of the humanist tradition that it is ostensibly mobilized against. 606 $aTechnology$xPhilosophy$y20th century 606 $aTechnology$xSocial aspects 606 $aHumanism$xHistory 606 $aEngineering & Applied Sciences$2HILCC 606 $aTechnology - General$2HILCC 615 0$aTechnology$xPhilosophy 615 0$aTechnology$xSocial aspects. 615 0$aHumanism$xHistory. 615 7$aEngineering & Applied Sciences 615 7$aTechnology - General 676 $a303.48/3 700 $aCecchetto$b David$01854315 801 0$bPQKB 906 $aBOOK 912 $a9910964028303321 996 $aHumanesis : sound and technological posthumanism$94451431 997 $aUNINA